<The> Return Variability and Dispersion: Evidence from Mutual Funds in Post-Transition Countries

Zhodnotenie výkonnosti podielových fondov vo vybraných post-tranzitných krajinách a analýza rôznorodosti ich výnosov a disperzie. Skúmaná vzorka pozostáva z 294 akciových fondov (domácich a zahraničných) z Česka, Maďarska a Poľska. Výsledky poukazujú na to, že fondy vo všeobecnosti majú nízke výnosy...

Descrizione completa

Salvato in:
Dettagli Bibliografici
Autore principale: Dariusz, Filip
Natura: Capitolo di libro
Lingua:inglese
Soggetti:
Tags: Aggiungi Tag
Nessun Tag, puoi essere il primo ad aggiungerne!!

MARC

LEADER 00000nla a2200000 4500
001 0242272
005 20240416112359.4
041 0 |a eng 
044 |a CZ 
245 1 0 |a <The> Return Variability and Dispersion: Evidence from Mutual Funds in Post-Transition Countries  |c Filip Dariusz 
520 |a Zhodnotenie výkonnosti podielových fondov vo vybraných post-tranzitných krajinách a analýza rôznorodosti ich výnosov a disperzie. Skúmaná vzorka pozostáva z 294 akciových fondov (domácich a zahraničných) z Česka, Maďarska a Poľska. Výsledky poukazujú na to, že fondy vo všeobecnosti majú nízke výnosy. 
610 2 0 |a fondy podielové 
610 2 0 |a výnosy 
610 2 0 |a fondy akciové 
610 2 0 |a výkonnosť 
610 2 0 |a riziko 
610 2 0 |a SVE 
610 2 0 |a stredná Európa 
610 2 0 |a východná Európa 
100 1 |a Dariusz, Filip